000 00352 a2200145 4500
005 20250428122633.0
020 _a0 435 45011 5
082 _a658 BON
100 _aBOND, P.
245 _aBusiness Studies.
260 _aLondon,
_bHeinemann Educational,
_c1998.
300 _a313p.: ill.; picture
_bIndex
_c27cm
700 _aMARTIN, J.
942 _2ddc
_cBKS
999 _c1707
_d1707